| 000 | 01142 a2200229 4500 | ||
|---|---|---|---|
| 005 | 20080908143021.0 | ||
| 008 | 080908t xxu||||| |||| 00| 0 hin d | ||
| 010 | _aHIN-79177 | ||
| 020 | _a400.00 | ||
| 035 | _aHN-51523 | ||
| 037 | _bD.B.Act / pub | ||
| 082 | _a025.43 | ||
| 100 | _aशर्मा, प्रहलाद | ||
| 245 |
_aपुस्तकालय वर्गीकरण _cप्रहलाद शर्मा |
||
| 246 |
_aPustkalya vargikaran _bby Prahlad Sharma |
||
| 260 |
_aजयपुर _bयुनिवर्सिटी पब्लिकेशन्स _c2002 |
||
| 270 |
_aविश्ववाद्यालय प्रकाशन _bजयपुर _e302003 _k0141-2324264 |
||
| 300 |
_aii,iii,259पृ _c22 सेमी (सजिल्द) |
||
| 650 | _aLibrary Classification | ||
| 942 |
_adpl _cHN _k025.43 / शर्माप्र _2ddc _h025.43 _mशर्माप्र |
||
| 999 |
_c1326 _d1326 |
||